000 01062nam a2200301 i 4500
003 EG-GICUC
005 20260502193348.0
008 260502s1914 fr |||fr|||| 00| 0 fre d
040 _aEG-GiCUC
_bfre
_cEG-GiCUC
_dEG-GiCUC
_eRda
082 0 4 _221
_a343.83
_bPE . P
092 0 4 _221
099 _aLaw1 10 343.83 PE . P 1914
100 1 _aPerrot, Henri
_eAuteur
245 1 0 _aPetit Dictionnaire Médico-légal Des Accidents Du Travatl :
_cPar Henri Perrot, Edmond Gerschel, Préface De Eugène Cottrelle.
264 1 _aParis :
_bAux Bureaux Du Recueil Spécial Des Accidents Du Travail,
_c1914.
300 _a141 page;
_c 24 cm.
336 _2rda contenu
_a texte
337 _2rda medias
_aOrdinateur
338 _2 transporteur rda
_a Ressource en ligne
650 1 _aMédecine Légale
_2qrmak
650 1 _aDroit De Pénal
_2qrmak
651 1 _2qrmak
700 1 _aGerschel, Edmond
_eCo-Auteur
700 1 _aCottrelle, Eugène
_ePréfacier
856 4 0 _uhttps://fll.law.cu.edu.eg/fulltext/bks/B10-11174.pdf
905 _a54
942 _2ddc
_cBK
_e21
_n0
999 _c74976
_d74976